CARIDAD, BENEFICIENCIA Y ASISTENCIA SOCIAL

Tallennettuna:
Bibliografiset tiedot
Yhteisötekijä: Semanas Sociales de España
Aineistotyyppi: Konferenssijulkaisu Kirja
Tagit: Lisää tagi
Ei tageja, Lisää ensimmäinen tagi!

MARC

LEADER 00000nam^a2200000^a^4500
001 000203212
005 20250521000000.0
009 20260310103006.04
035 |a 030852 
037 |a Acervo Xavier Clavigero 
082 |a 384.  |b SEM 
111 1 |a Semanas Sociales de España 
245 1 0 |a CARIDAD, BENEFICIENCIA Y ASISTENCIA SOCIAL 
264 |a MADRID :  |b JUNTA NACIONAL,  |c 1960 
300 |a 527 PAG. 
336 |a texto  |b txt  |2 rdacontenido 
337 |a sin mediación  |b n  |2 rdamedio 
338 |a volumen  |b nc  |2 rdasoporte 
649 |a XX 
910 |a Fondo General 
920 |a Impresos - Libros 
930 |a Colección General 
905 |a 101 
901 |a 030852  |b IT1  |c ACC  |i 030852  |u 20250521 
902 |a https://opac.biblio.iteso.mx/vufind/Record/000203212